000 00269nam a2200109Ia 4500
001 1268596
005 20260417145253.0
008 260417s9999 xx 000 0 und d
020 _a9786257303439
245 0 _aDünya Gezegeni
_cChiara Piroddi
260 _bKetebe Çocuk
999 _c1268596
_d1268596